Физико-химические и технологические основы синтеза органических соединений из СО - содержащих промышленных газов и водяного пара: диссертация на соискание ученой степени доктора технических наук; спец. 05.17.04

Dades bibliogràfiques
Autor principal: Кравцов А. В. Анатолий Васильевич
Autor corporatiu: Томский политехнический институт
Sumari:Защита сост. 20.01.1982 г.
For_staff_use
Idioma:rus
Publicat: Томск, [Б. и.], 1981
Matèries:
Format: Llibre
KOHA link:https://koha.lib.tpu.ru/cgi-bin/koha/opac-detail.pl?biblionumber=378407

MARC

LEADER 00000nbm0a2200000 4500
001 378407
005 20231102013013.0
035 |a (RuTPU)RU\TPU\retro\35863 
090 |a 378407 
100 |a 20230530j1981 k y0rusy50 ca 
101 0 |a rus 
102 |a RU 
105 |a a m 001zy 
200 1 |a Физико-химические и технологические основы синтеза органических соединений из СО - содержащих промышленных газов и водяного пара  |e диссертация на соискание ученой степени доктора технических наук  |e спец. 05.17.04  |f А. В. Кравцов  |g Томский политехнический институт 
210 |a Томск  |c [Б. и.]  |d 1981 
215 |a 346 л.  |c ил. 
300 |a Защита сост. 20.01.1982 г. 
320 |a Библиогр.: с. 290-322 (369 назв.) 
371 0 |a For_staff_use 
606 1 |a Органический синтез  |x Процессы  |2 stltpush  |3 (RuTPU)RU\TPU\subj\73683  |9 86544 
606 1 |a Органические соединения неметаллов  |2 stltpush  |3 (RuTPU)RU\TPU\subj\32535  |9 55056 
610 1 |a промышленные газы 
610 1 |a компоненты 
610 1 |a окись углерода 
610 1 |a комплексная переработка 
610 1 |a оптимальные методы 
610 1 |a водяной пар 
610 1 |a реакции 
610 1 |a физико-химические основы 
610 1 |a макрокинетика 
610 1 |a атмосферное давление 
610 1 |a среднее давление 
610 1 |a отходящие газы 
610 1 |a химическая переработка 
610 1 |a установки 
610 1 |a проектирование 
610 1 |a диссертации 
610 1 |a труды учёных ТПУ 
675 |a 661.7(04)  |v 4 
675 |a 661.718(04)  |v 4 
686 |a 05.17.04  |2 oksvnk 
700 1 |a Кравцов  |b А. В.  |c химик-технолог  |c профессор-консультант Томского политехнического университета, доктор технических наук  |f 1938-2012  |g Анатолий Васильевич  |x TPU  |2 stltpush  |3 (RuTPU)RU\TPU\pers\19827 
712 0 2 |a Томский политехнический институт  |c (1944-1991)  |2 stltpush  |3 (RuTPU)RU\TPU\col\1123  |9 23521 
801 1 |a RU  |b 63413507  |c 20230530 
801 2 |a RU  |b 63413507  |c 20230609  |g RCR 
942 |c BK